A orillas del Sarantó : (Registro nro. 7534)

000 -CABECERA
campo de control de longitud fija 01099nam a2200277 u 4500
001 - NÚMERO DE CONTROL
campo de control 000061110
005 - FECHA Y HORA DE LA ÚLTIMA TRANSACCIÓN
campo de control 20200120223920.0
008 - DATOS DE LONGITUD FIJA--INFORMACIÓN GENERAL
campo de control de longitud fija 140624s2009 ck a gr| 000 0 spa d
020 ## - NÚMERO INTERNACIONAL ESTÁNDAR DEL LIBRO
Número Internacional Estándar del Libro 9789586951760
041 0# - CÓDIGO DE LENGUA
Código de lengua del texto/banda sonora o título independiente spa
043 ## - CÓDIGO DE ÁREA GEOGRÁFICA
Código de área geográfica s-ck---
090 ## - LOCALMENTE ASIGNADO TIPO-LC NÚMERO DE CLASIFICACIÓN (OCLC); NÚMERO DE CLASIFICACIÓN LOCAL (RLIN)
Número de clasificación (OCLC) (R) ; Numero de clasificación, CALL (RLIN) (NR) AC
Número cutter local (OCLC) ; Número de libro/Signatura topográfica íntegra, CALL (RLIN) LIBCH
100 1# - ENTRADA PRINCIPAL--NOMBRE DE PERSONA
Nombre de persona Librado Castillo, Humberto,
Fechas asociadas al nombre 1981-
245 10 - MENCIÓN DE TÍTULO
Título A orillas del Sarantó :
Resto del título un cuento de guerra /
Mención de responsabilidad, etc. Humberto Librado Castillo, Mario Iván Urueña Sánchez.
246 2# - FORMA VARIANTE DE TÍTULO
Título propio/Titulo breve Bogotá :
Resto del título Universidad de los Andes, Facultad de Ciencias Sociales, Facultad de Derecho :
-- Universidad Nacional, Facultad de Derecho, Ciencias Políticas y Sociales,
250 ## - MENCIÓN DE EDICIÓN
Mención de edición 2005.
300 ## - DESCRIPCIÓN FÍSICA
Extensión vii, 130 p.
Material acompañante/anejo 24 cm.
500 ## - NOTA GENERAL
Nota general Libro ganador del Segundo Concurso de Trabajos de Grado sobre Violencia y Sociedad Postconflicto"
504 ## - NOTA DE BIBLIOGRAFÍA, ETC.
Nota de bibliografía, etc. Incluye bibliografía.
650 14 - PUNTO DE ACCESO ADICIONAL DE MATERIA--TÉRMINO DE MATERIA
Término de materia o nombre geográfico como elemento de entrada Cuentos adultos colombianos
Fuente del encabezamiento o término LEMB.
650 24 - PUNTO DE ACCESO ADICIONAL DE MATERIA--TÉRMINO DE MATERIA
Término de materia o nombre geográfico como elemento de entrada Literatura adulto colombiana
Fuente del encabezamiento o término LEMB.
650 24 - PUNTO DE ACCESO ADICIONAL DE MATERIA--TÉRMINO DE MATERIA
Término de materia o nombre geográfico como elemento de entrada guerra en la literatura
650 24 - PUNTO DE ACCESO ADICIONAL DE MATERIA--TÉRMINO DE MATERIA
Término de materia o nombre geográfico como elemento de entrada Sociedad en la literatura
650 24 - PUNTO DE ACCESO ADICIONAL DE MATERIA--TÉRMINO DE MATERIA
Término de materia o nombre geográfico como elemento de entrada Militares en la literatura.
700 1# - PUNTO DE ACCESO ADICIONAL--NOMBRE DE PERSONA
Nombre de persona Urueña Sánchez, Mario Iván.
Existencias
Estado de retiro Estado de pérdida Fuente del sistema de clasificación o colocación Estado dañado No para préstamo Código de colección Localización permanente Ubicación/localización actual Fecha de adquisición Número de inventario Total de préstamos Signatura topográfica completa Código de barras Fecha visto por última vez Número de copia Precio válido a partir de Tipo de ítem Koha Nota pública
          Literatura Adulto Biblioteca Pública San Juan Bosco Biblioteca Pública San Juan Bosco 20/01/2020 97995   AC LIBCH MOS016043 11/11/2021 ej.1 20/01/2020 Libro Literatura Quince días
          Literatura Adulto Biblioteca Pública San Juan Bosco Biblioteca Pública San Juan Bosco 20/01/2020 97996   AC LIBCH MOS016044 05/01/2021 ej.2 20/01/2020 Libro Literatura Quince días
          Literatura Adulto Biblioteca Pública San Juan Bosco Biblioteca Pública San Juan Bosco 20/01/2020 97997   AC LIBCH MOS016045 09/10/2021 ej.3 20/01/2020 Libro Literatura Quince días

© Todos los derechos reservados para la Biblioteca Pública Municipal San Juan Bosco, 2020
Secretaria de Cultura de Mosquera
Carrera 3 N° 10 Esquina Centro Cultural Barrio El Carmén Teléfono: 8270830 Ext: 34
Funcionando con KOHA
Contacto: Biblioteca Pública Municipal San Juan Bosco/ bibliotecasanjuanbosco@mosquera-cundinamarca.gov.co
Mosquera, Cundinamarca